[Event "EU-ch Rapid"]
[Site "Katowice"]
[Date "2022.12.17"]
[Round "2"]
[White "Parol, Pawel"]
[Black "Tregubov, Pavel V"]
[Result "0-1"]
[WhiteElo "2146"]
[BlackElo "2553"]
[PlyCount "76"]
[EventDate "2022.12.17"]
[EventType "swiss (rapid)"]
[EventRounds "11"]
[EventCountry "POL"]
[SourceTitle "CBM 211 Extra"]
[Source "ChessBase"]
[SourceDate "2023.01.31"]
[SourceVersion "1"]
[SourceVersionDate "2023.01.31"]
[SourceQuality "1"]

1. d4 d5 2. c4 c6 3. Nf3 Nf6 4. e3 Bg4 5. Qb3 Qb6 6. Ne5 Bf5 7. Nc3 e6 8. Be2 Nbd7 9. Nxd7 Nxd7 10. 0-0 Be7 11. f3 0-0 12. Qxb6 Nxb6 13. e4 Bg6 14. c5 Nd7 15. Be3 dxe4 16. fxe4 e5 17. b4 exd4 18. Bxd4 Rfe8 19. Bc4 Bf6 20. Bxf6 Nxf6 21. Rae1 Re5 22. Rf4 Rd8 23. Bb3 Rd4 24. a3 h5 25. h3 a5 26. bxa5 Rxc5 27. Na4 Rxa5 28. Rf2 Nxe4 29. Rfe2 Raxa4 30. Bxa4 Rxa4 31. Re3 b5 32. Rc1 c5 33. Rd1 h4 34. Rd8+ Kh7 35. Rb8 b4 36. axb4 cxb4 37. Re1 Ng3 38. Rc1 Ne2+ 0-1

[Event "EU-ch Rapid"]
[Site "Katowice"]
[Date "2021.12.19"]
[Round "10"]
[White "Balacek, Tadeas"]
[Black "Parol, Pawel"]
[Result "1-0"]
[WhiteElo "2367"]
[BlackElo "2146"]
[PlyCount "111"]
[EventDate "2021.12.18"]
[EventType "swiss (rapid)"]
[EventRounds "11"]
[EventCountry "POL"]
[SourceTitle "CBM 205 Extra"]
[Source "ChessBase"]
[SourceDate "2022.01.31"]
[SourceVersion "1"]
[SourceVersionDate "2022.01.31"]
[SourceQuality "1"]

1. d4 d5 2. c4 c6 3. Nf3 Nf6 4. Nc3 e6 5. g3 Nbd7 6. Bg2 Bd6 7. 0-0 0-0 8. Nd2 b6 9. e4 dxe4 10. Ndxe4 Nxe4 11. Nxe4 Be7 12. Qc2 Bb7 13. Rd1 Nf6 14. c5 Nd5 15. a3 Qd7 16. Bg5 f6 17. Bd2 Ba6 18. b4 Be2 19. Re1 Bh5 20. Nc3 bxc5 21. dxc5 Bg6 22. Qb3 Bf7 23. Rad1 Qc7 24. Qc2 Rfd8 25. Be4 h6 26. Bg6 f5 27. Bxf7+ Kxf7 28. Nxd5 Rxd5 29. Bf4 Qd7 30. Rxd5 exd5 31. Qe2 Bf6 32. Qh5+ Kf8 33. Qg6 Qf7 34. Qxf5 Re8 35. Bd6+ Kg8 36. Rxe8+ Qxe8 37. b5 Qe1+ 38. Kg2 Qe8 39. b6 axb6 40. cxb6 Bd4 41. b7 Ba7 42. Qc8 Kf7 43. Qxe8+ Kxe8 44. b8Q+ Bxb8 45. Bxb8 c5 46. Bd6 c4 47. Be5 g6 48. Kf3 Kd7 49. Ke3 Ke6 50. Bc3 Kd6 51. Kd4 h5 52. a4 Kc6 53. a5 Kb5 54. Kxd5 g5 55. f4 gxf4 56. gxf4 1-0

[Event "Suwalki Warakomska Memorial 5th"]
[Site "Suwalki"]
[Date "2021.07.27"]
[Round "1"]
[White "Goluch, Piotr"]
[Black "Parol, Pawel"]
[Result "1-0"]
[WhiteElo "2333"]
[BlackElo "2144"]
[PlyCount "59"]
[EventDate "2021.07.27"]
[EventType "swiss"]
[EventRounds "9"]
[EventCountry "POL"]
[SourceTitle "CBM 203 Extra"]
[Source "ChessBase"]
[SourceDate "2021.09.30"]
[SourceVersion "1"]
[SourceVersionDate "2021.09.30"]
[SourceQuality "1"]

1. d4 Nf6 2. c4 e6 3. g3 Bb4+ 4. Bd2 Bxd2+ 5. Nxd2 d6 6. Ngf3 0-0 7. Bg2 Nc6 8. 0-0 e5 9. d5 Ne7 10. e4 Ne8 11. Ne1 f5 12. Nd3 Nf6 13. f4 exf4 14. Nxf4 Ng4 15. Qb3 fxe4 16. Nxe4 Nf5 17. Rae1 Ne5 18. c5 Qe7 19. h3 b6 20. cxd6 cxd6 21. Ne6 Bxe6 22. dxe6 Rae8 23. Nxd6 Nd4 24. Qd5 Rxf1+ 25. Rxf1 Ne2+ 26. Kh2 Rd8 27. Qxe5 Nxg3 28. Qxg3 Qxd6 29. Qxd6 Rxd6 30. e7 1-0

[Event "POL-chT 2nd League"]
[Site "Poronin"]
[Date "2020.09.11"]
[Round "7.9"]
[White "Chmiel, Marcin"]
[Black "Parol, Pawel"]
[Result "1/2-1/2"]
[WhiteElo "2253"]
[BlackElo "2114"]
[PlyCount "122"]
[EventDate "2020.09.05"]
[EventType "team-swiss"]
[EventRounds "9"]
[EventCountry "POL"]
[SourceTitle "CBM 198 Extra"]
[Source "ChessBase"]
[SourceDate "2020.11.30"]
[SourceVersion "1"]
[SourceVersionDate "2020.11.30"]
[SourceQuality "1"]
[WhiteTeam "Krakow Klub Szachistow"]
[BlackTeam "Minsk Mazowiecki MTSz"]
[WhiteTeamCountry "POL"]
[BlackTeamCountry "POL"]

1. c4 Nf6 2. g3 e6 3. Bg2 d5 4. Nf3 Be7 5. 0-0 0-0 6. b3 c5 7. Bb2 Nc6 8. e3 b6 9. Nc3 Bb7 10. cxd5 exd5 11. d4 Rc8 12. Re1 Re8 13. Rc1 a6 14. Ne2 Ne4 15. Nf4 cxd4 16. Nxd4 Bf6 17. Nh5 Nxd4 18. Rxc8 Qxc8 19. Nxf6+ Nxf6 20. Qxd4 Qe6 21. Rc1 Rc8 22. Rxc8+ Bxc8 23. Qc3 Bd7 24. Qc7 h6 25. Bxf6 gxf6 26. Qf4 Qc6 27. h4 Kg7 28. Kh2 Be6 29. g4 Qc2 30. Kg3 Qxa2 31. Qd4 Qc2 32. Qxb6 d4 33. Qxd4 Qxb3 34. g5 hxg5 35. hxg5 Qb5 36. Qxf6+ Kg8 37. Be4 Qf1 38. Qd8+ Kg7 39. Qd4+ Kg8 40. Bg2 Qb5 41. f4 Qf5 42. Qd1 Qc5 43. e4 Qe3+ 44. Bf3 Kg7 45. Qh1 Kg8 46. Qd1 Kg7 47. Qa1+ Kg8 48. Qh1 a5 49. g6 fxg6 50. Qh6 Qe1+ 51. Kh2 Qf2+ 52. Bg2 Bf7 53. Qg5 Kh7 54. Qf6 Kg8 55. e5 Qe2 56. Qd8+ Kg7 57. Qxa5 Qf2 58. Qb4 Qh4+ 59. Kg1 g5 60. e6 Qxf4 61. Qc3+ Qf6 1/2-1/2

[Event "POL-chT 2nd League"]
[Site "Jastrzebia Gora"]
[Date "2019.09.07"]
[Round "1.7"]
[White "Parol, Pawel"]
[Black "Licznerski, Lukasz"]
[Result "0-1"]
[WhiteElo "2145"]
[BlackElo "2356"]
[PlyCount "94"]
[EventDate "2019.09.07"]
[EventType "team-swiss"]
[EventRounds "9"]
[EventCountry "POL"]
[SourceTitle "EXT 2020"]
[Source "ChessBase"]
[SourceDate "2019.10.17"]
[SourceVersion "1"]
[SourceVersionDate "2019.10.17"]
[SourceQuality "1"]
[WhiteTeam "Minsk Mazowiecki MTSz"]
[BlackTeam "Rodlo Opole"]
[WhiteTeamCountry "POL"]
[BlackTeamCountry "POL"]

1. d4 Nf6 2. Bf4 g6 3. Nc3 d5 4. e3 Bg7 5. h4 c6 6. Be2 h6 7. Nf3 Bg4 8. Ne5 Bxe2 9. Qxe2 Nbd7 10. 0-0-0 Qa5 11. Kb1 Nb6 12. e4 Nxe4 13. Nxe4 dxe4 14. Qxe4 Qd5 15. Qxd5 cxd5 16. Rh3 Bxe5 17. Bxe5 f6 18. Bf4 Nc4 19. b3 Na5 20. Re1 Kf7 21. Rhe3 Nc6 22. c3 g5 23. Bg3 b5 24. Kb2 a5 25. hxg5 hxg5 26. Bc7 Ra6 27. a3 Rc8 28. Bg3 Ra7 29. Rd3 Rb7 30. f4 Rg8 31. f5 a4 32. b4 Na7 33. Rh1 Nc8 34. Re3 Nb6 35. Re6 Nc4+ 36. Ka2 Nd2 37. Be1 Ne4 38. Rc6 g4 39. Rh7+ Rg7 40. Rh8 Rg5 41. Rh7+ Ke8 42. Rc8+ Kd7 43. Rch8 Rxf5 44. Rxe7+ Kxe7 45. Rh7+ Kd6 46. Rxb7 g3 47. Rg7 Rf2+ 0-1

[Event "POL-ch blitz"]
[Site "Szczawno Zdroj"]
[Date "2018.12.16"]
[Round "3"]
[White "Dudzinski, Pawel"]
[Black "Parol, Pawel"]
[Result "1/2-1/2"]
[WhiteElo "2194"]
[BlackElo "2145"]
[PlyCount "119"]
[EventDate "2018.12.16"]
[EventType "swiss (blitz)"]
[EventRounds "15"]
[EventCountry "POL"]
[SourceTitle "CBM 187 Extra"]
[Source "ChessBase"]
[SourceDate "2018.11.04"]
[SourceVersion "1"]
[SourceVersionDate "2018.11.04"]
[SourceQuality "1"]

1. e4 e6 2. d4 d5 3. Nd2 Nf6 4. Bd3 c5 5. exd5 exd5 6. dxc5 Bxc5 7. Nb3 Be7 8. Nf3 Bg4 9. h3 Bh5 10. 0-0 0-0 11. Be2 Nc6 12. Nfd4 Bg6 13. Bg5 Qd7 14. Bd3 Rad8 15. Bxg6 hxg6 16. c3 Rfe8 17. Re1 Ne4 18. Bxe7 Rxe7 19. f3 Nf6 20. Rxe7 Qxe7 21. Qe2 Re8 22. Qxe7 Rxe7 23. Rd1 Kf8 24. Kf2 Ke8 25. Nc5 Nxd4 26. Rxd4 Kd8 27. c4 Rc7 28. Nd3 Rxc4 29. Rxc4 dxc4 30. Ne5 Ke7 31. Nxc4 Ke6 32. Ke3 Nd5+ 33. Kd4 Nf4 34. Ne3 Ne2+ 35. Kc5 f5 36. h4 Nf4 37. a4 Nd3+ 38. Kd4 Nxb2 39. a5 Na4 40. Kc4 b6 41. Kb5 Nc3+ 42. Kc4 Na4 43. Kb4 Nb2 44. axb6 axb6 45. Kb5 Ke5 46. g3 Nd3 47. Nc4+ Kd4 48. Nxb6 Ke3 49. g4 Kxf3 50. gxf5 gxf5 51. Kc4 Ne5+ 52. Kd5 Ng6 53. h5 Nf4+ 54. Ke5 Kg4 55. Nc4 Nxh5 56. Ne3+ Kg5 57. Nxf5 g6 58. Ne7 Ng3 59. Ke6 Ne2 60. Nxg6 1/2-1/2

[Event "POL-chT 2nd League"]
[Site "Jastrzebia Gora"]
[Date "2018.09.02"]
[Round "2.7"]
[White "Parol, Pawel"]
[Black "Kujawski, Adam"]
[Result "0-1"]
[WhiteElo "2157"]
[BlackElo "2209"]
[PlyCount "124"]
[EventDate "2018.09.01"]
[EventType "team-swiss"]
[EventRounds "9"]
[EventCountry "POL"]
[SourceTitle "CBM 186 Extra"]
[Source "ChessBase"]
[SourceDate "2018.08.24"]
[SourceVersion "1"]
[SourceVersionDate "2018.08.24"]
[SourceQuality "1"]
[WhiteTeam "Minsk Mazowiecki MTSz"]
[BlackTeam "Bydgoszcz"]
[WhiteTeamCountry "POL"]
[BlackTeamCountry "POL"]

1. d4 Nf6 2. c4 c5 3. Nf3 cxd4 4. Nxd4 Nc6 5. Nc3 e6 6. e3 Bb4 7. Bd2 0-0 8. Be2 d5 9. a3 Be7 10. cxd5 Nxd4 11. exd4 Nxd5 12. 0-0 Bf6 13. Be3 e5 14. Ne4 Nxe3 15. fxe3 Bg5 16. Nxg5 Qxg5 17. Qb3 exd4 18. exd4 Be6 19. Bc4 Bxc4 20. Qxc4 Qe3+ 21. Kh1 Rac8 22. Qd5 Rcd8 23. Qxb7 Qxd4 24. b4 Rd5 25. Rae1 h5 26. h3 Rd7 27. Qf3 Qh4 28. Re4 Qg5 29. Rf4 g6 30. Rc4 Re8 31. Rf4 Ree7 32. Rf6 Re3 33. Qa8+ Kg7 34. R6f3 Re6 35. Qc8 Re2 36. Qc3+ Kg8 37. Rg3 Qh4 38. Qf3 Re4 39. Rg5 Qxg5 40. Qxe4 Kg7 41. Qf4 Qxf4 42. Rxf4 Rd1+ 43. Kh2 Ra1 44. Rf3 h4 45. Rc3 a6 46. Rd3 f5 47. Rc3 Kh6 48. Rd3 Kh5 49. Rc3 Kg5 50. Rf3 Ra2 51. Kg1 Kf6 52. Re3 g5 53. Kf1 g4 54. hxg4 fxg4 55. Rc3 Ke5 56. Rc4 Kf5 57. Rc5+ Kf4 58. Rc4+ Kg3 59. Rc3+ Kh2 60. Rc4 h3 61. gxh3 g3 62. Rg4 g2+ 0-1

[Event "POL-ch rapid"]
[Site "Zgierz"]
[Date "2018.03.04"]
[Round "6"]
[White "Parol, Pawel"]
[Black "Grabarczyk, Miroslaw"]
[Result "0-1"]
[WhiteElo "2122"]
[BlackElo "2408"]
[PlyCount "126"]
[EventDate "2018.03.04"]
[EventType "swiss (rapid)"]
[EventRounds "9"]
[EventCountry "POL"]
[SourceTitle "CBM 183 Extra"]
[Source "ChessBase"]
[SourceDate "2018.04.19"]
[SourceVersion "1"]
[SourceVersionDate "2018.04.19"]
[SourceQuality "1"]

1. d4 d5 2. c4 dxc4 3. e3 a6 4. Bxc4 Nf6 5. Nf3 e6 6. 0-0 c5 7. Qe2 b5 8. Bd3 Bb7 9. b3 Nbd7 10. Bb2 Qb8 11. Nbd2 Bd6 12. Rac1 0-0 13. Rfd1 Rd8 14. h3 cxd4 15. Nxd4 Ne5 16. Bb1 Be7 17. f4 Ng6 18. Nc6 Bxc6 19. Rxc6 Qa7 20. Kh2 Rac8 21. Rxc8 Rxc8 22. Bd4 Qc7 23. Nf3 Nd5 24. Ne5 Bf6 25. Qh5 Rd8 26. Be4 Nc3 27. Bxc3 Qxc3 28. Rxd8+ Bxd8 29. Qd1 Qc7 30. Nxg6 hxg6 31. Qd3 Be7 32. Bf3 Bc5 33. e4 Qxf4+ 34. g3 Qc7 35. Kg2 Bd6 36. Be2 Be5 37. a4 bxa4 38. bxa4 a5 39. h4 Kh7 40. h5 gxh5 41. Bxh5 g6 42. Be2 Kg7 43. Bd1 Qc1 44. Be2 Qg5 45. Bd1 Qc1 46. Be2 Qb2 47. Kf1 Qa1+ 48. Bd1 Bxg3 49. Qxg3 Qxd1+ 50. Kg2 Qe2+ 51. Kg1 Qd1+ 52. Kg2 Qxa4 53. Qe5+ Kf8 54. Qd6+ Ke8 55. Qb8+ Ke7 56. Qc7+ Qd7 57. Qxa5 Qd4 58. Qc7+ Kf6 59. Qf4+ Kg7 60. Qf3 Qe5 61. Kg1 Qg5+ 62. Kf1 Qf6 63. Ke2 Qxf3+ 0-1

[Event "Krakow op-A 28th"]
[Site "Krakow"]
[Date "2018.01.03"]
[Round "8"]
[White "Parol, Pawel"]
[Black "Pogan, Nikolas"]
[Result "1/2-1/2"]
[WhiteElo "2108"]
[BlackElo "2264"]
[PlyCount "83"]
[EventDate "2017.12.27"]
[EventType "swiss"]
[EventRounds "9"]
[EventCountry "POL"]
[SourceTitle "CBM 182 Extra"]
[Source "ChessBase"]
[SourceDate "2018.02.23"]
[SourceVersion "1"]
[SourceVersionDate "2018.02.23"]
[SourceQuality "1"]

1. d4 Nf6 2. c4 g6 3. g3 Bg7 4. Bg2 0-0 5. Nc3 d6 6. Nf3 Nbd7 7. 0-0 e5 8. e4 exd4 9. Nxd4 Re8 10. h3 Nc5 11. Re1 Bd7 12. b3 a5 13. Rb1 c6 14. Bf4 Qc7 15. Nc2 Bf8 16. Qd2 Rad8 17. Rbd1 Bc8 18. Nd4 Nh5 19. Bg5 f6 20. Be3 Ng7 21. Kh2 Be7 22. f4 f5 23. Bf2 Bf6 24. exf5 gxf5 25. Qc2 Qf7 26. a3 Rxe1 27. Rxe1 h6 28. Bf3 h5 29. h4 Re8 30. Rxe8+ Qxe8 31. b4 axb4 32. axb4 Nce6 33. Qd3 Qe7 34. Nxe6 Bxe6 35. b5 Bd7 36. Ne2 Kh7 37. Nd4 Qe8 38. bxc6 bxc6 39. Ne2 Qe7 40. Nd4 Qe8 41. Ne2 Qb8 42. Nd4 1/2-1/2

[Event "Krakow op-A 28th"]
[Site "Krakow"]
[Date "2017.12.31"]
[Round "6"]
[White "Parol, Pawel"]
[Black "Khandhar, Kaushal"]
[Result "1-0"]
[WhiteElo "2108"]
[BlackElo "1981"]
[PlyCount "107"]
[EventDate "2017.12.27"]
[EventType "swiss"]
[EventRounds "9"]
[EventCountry "POL"]
[SourceTitle "CBM 182 Extra"]
[Source "ChessBase"]
[SourceDate "2018.02.23"]
[SourceVersion "1"]
[SourceVersionDate "2018.02.23"]
[SourceQuality "1"]

1. d4 d5 2. c4 c6 3. Nf3 Nf6 4. e3 a6 5. Qc2 g6 6. Bd3 Bg7 7. b3 0-0 8. Bb2 b5 9. Nbd2 Be6 10. c5 a5 11. a3 Qc8 12. Nh4 Ne8 13. f4 Bf6 14. Ndf3 Ng7 15. 0-0-0 a4 16. b4 Bxh4 17. Nxh4 Nf5 18. Qf2 Nxh4 19. Qxh4 Ra7 20. Rhg1 Bf5 21. Be2 Qe6 22. Kd2 Nd7 23. g4 Be4 24. Rdf1 Qf6 25. Qg3 Qg7 26. h4 f6 27. g5 fxg5 28. hxg5 Bf5 29. Rh1 Rd8 30. Rh6 Nf8 31. Rfh1 e6 32. Bc3 Qf7 33. Kc1 Rad7 34. Kb2 Rc8 35. Qe1 Be4 36. R1h2 Qf5 37. Qf1 Rcc7 38. R2h4 Qf7 39. Be1 Rb7 40. f5 exf5 41. Bg3 Qe6 42. Be5 Rf7 43. Bh5 Rfd7 44. Qg1 Qe8 45. Be2 Qe6 46. Qh2 Ra7 47. Bf6 Rab7 48. Qg3 Ra7 49. Qb8 Rab7 50. Rxg6+ Rg7 51. Rxg7+ Rxg7 52. Bxg7 Kxg7 53. Qc7+ Kg8 54. Rh6 1-0

[Event "Krakow op-A 28th"]
[Site "Krakow"]
[Date "2017.12.30"]
[Round "5"]
[White "Tomaszewski, Roman"]
[Black "Parol, Pawel"]
[Result "1/2-1/2"]
[WhiteElo "2285"]
[BlackElo "2108"]
[PlyCount "63"]
[EventDate "2017.12.27"]
[EventType "swiss"]
[EventRounds "9"]
[EventCountry "POL"]
[SourceTitle "CBM 182 Extra"]
[Source "ChessBase"]
[SourceDate "2018.02.23"]
[SourceVersion "1"]
[SourceVersionDate "2018.02.23"]
[SourceQuality "1"]

1. d4 d5 2. f4 Nf6 3. Nf3 Bf5 4. c3 c6 5. e3 Nbd7 6. Be2 e6 7. 0-0 Be7 8. Ne5 h5 9. Nd2 h4 10. a4 Nxe5 11. fxe5 Ne4 12. Nxe4 Bxe4 13. Bd3 f5 14. Bxe4 dxe4 15. Qb3 Qd7 16. c4 0-0-0 17. Bd2 Kb8 18. a5 Ka8 19. Bc3 g5 20. Rad1 Rhf8 21. Qc2 Qe8 22. b4 h3 23. g3 Rc8 24. Rf2 Qg6 25. Rdf1 Qh5 26. Bd2 Rfd8 27. Bc3 Rf8 28. Bd2 Rfd8 29. Qb1 Rd7 30. Kh1 Rdd8 31. Qc2 Rd7 32. Qb1 1/2-1/2

[Event "Krakow op-A 28th"]
[Site "Krakow"]
[Date "2017.12.29"]
[Round "3"]
[White "Berdnyk, Mariia"]
[Black "Parol, Pawel"]
[Result "1-0"]
[WhiteElo "2204"]
[BlackElo "2108"]
[PlyCount "91"]
[EventDate "2017.12.27"]
[EventType "swiss"]
[EventRounds "9"]
[EventCountry "POL"]
[SourceTitle "CBM 182 Extra"]
[Source "ChessBase"]
[SourceDate "2018.02.23"]
[SourceVersion "1"]
[SourceVersionDate "2018.02.23"]
[SourceQuality "1"]

1. e4 e6 2. d3 d5 3. Nd2 c5 4. Ngf3 Nc6 5. g3 Bd6 6. Bg2 Nge7 7. 0-0 0-0 8. Nh4 f5 9. f4 Bd7 10. Nhf3 b5 11. e5 Bc7 12. c4 a6 13. Kh1 Nb4 14. Qe2 Bc6 15. a3 dxc4 16. axb4 cxd3 17. Qd1 c4 18. Nb1 Bb6 19. Nc3 Qc7 20. Bd2 Rfd8 21. Qe1 Qa7 22. b3 Nd5 23. bxc4 Nxc3 24. Bxc3 bxc4 25. Qd2 h6 26. Qa2 Bd5 27. Nh4 g5 28. Bxd5 Rxd5 29. fxg5 hxg5 30. Nxf5 exf5 31. Qxc4 Qb7 32. Rxf5 Be3 33. Rf3 Rc8 34. Qe4 Rxc3 35. Qg6+ Qg7 36. Qe6+ Kh8 37. Qxd5 d2 38. Raf1 Rc1 39. Kg2 Rc2 40. Rf8+ Kh7 41. Qd3+ Kh6 42. R1f6+ Kh5 43. Qg6+ Qxg6 44. Rh8+ Qh6 45. Rhxh6+ Kg4 46. h3# 1-0

[Event "Krakow op-A 28th"]
[Site "Krakow"]
[Date "2017.12.27"]
[Round "1"]
[White "Goluch, Piotr"]
[Black "Parol, Pawel"]
[Result "1-0"]
[WhiteElo "2308"]
[BlackElo "2108"]
[PlyCount "109"]
[EventDate "2017.12.27"]
[EventType "swiss"]
[EventRounds "9"]
[EventCountry "POL"]
[SourceTitle "CBM 182 Extra"]
[Source "ChessBase"]
[SourceDate "2018.02.23"]
[SourceVersion "1"]
[SourceVersionDate "2018.02.23"]
[SourceQuality "1"]

1. Nf3 d5 2. g3 Bg4 3. Bg2 Nd7 4. d3 e5 5. Nbd2 Bd6 6. c4 d4 7. h3 Bh5 8. Ne4 Ne7 9. Bd2 a5 10. Qc2 Bb4 11. c5 0-0 12. Qc4 Nc6 13. 0-0 Bxd2 14. Nexd2 Qe7 15. Rfc1 Kh8 16. Qb5 Ra7 17. g4 Bg6 18. Nh2 Qe6 19. Ndf1 f5 20. Ng3 fxg4 21. hxg4 Nf6 22. Qc4 Bf7 23. Qxe6 Bxe6 24. g5 Nd5 25. Be4 a4 26. Nf3 Ra5 27. a3 Rb5 28. Rc2 Nde7 29. Rac1 Bb3 30. Rd2 Ra8 31. Kg2 Raa5 32. Rh1 g6 33. Bxc6 Nxc6 34. Ne4 Bd5 35. Nf6 Bxf3+ 36. exf3 h5 37. gxh6 Rxc5 38. Ne4 Rd5 39. Re2 Nd8 40. Ng5 e4 41. f4 Rxg5+ 42. fxg5 Rxg5+ 43. Kf1 Rg4 44. Rxe4 Rxe4 45. dxe4 Ne6 46. Ke2 c5 47. Kf3 c4 48. e5 b5 49. Ke4 d3 50. Kd5 Nf4+ 51. Kd6 b4 52. axb4 a3 53. b5 d2 54. b6 Nd3 55. b7 1-0

[Event "POL-chT 2nd League"]
[Site "Szklarska Poreba"]
[Date "2017.09.05"]
[Round "4.12"]
[White "Parol, Pawel"]
[Black "Sapis, Witalis"]
[Result "1-0"]
[WhiteElo "2086"]
[BlackElo "2388"]
[PlyCount "109"]
[EventDate "2017.09.02"]
[EventType "team-swiss"]
[EventRounds "9"]
[EventCountry "POL"]
[SourceTitle "CBM 180 Extra"]
[Source "ChessBase"]
[SourceDate "2017.10.06"]
[SourceVersion "1"]
[SourceVersionDate "2017.10.06"]
[SourceQuality "1"]
[WhiteTeam "Minsk Mazowiecki MTSz"]
[BlackTeam "Grzybowo GKSz Solny"]
[WhiteTeamCountry "POL"]
[BlackTeamCountry "POL"]

1. d4 Nf6 2. c4 c6 3. Nf3 d6 4. Nc3 Bg4 5. e4 Nbd7 6. Be2 e5 7. Be3 Be7 8. 0-0 0-0 9. d5 c5 10. Ne1 Bxe2 11. Qxe2 Ne8 12. g3 Bg5 13. f4 exf4 14. gxf4 Bf6 15. Nd3 Qe7 16. Bd2 Bd4+ 17. Kh1 Nef6 18. Rae1 Rae8 19. Qg2 g6 20. e5 Nh5 21. Nb5 dxe5 22. Nxd4 cxd4 23. fxe5 Qd8 24. Bb4 b5 25. cxb5 Nb6 26. e6 fxe6 27. Bxf8 Rxf8 28. Rxf8+ Qxf8 29. dxe6 Qe7 30. Qe4 Nf6 31. Qxd4 Nbd5 32. Qc5 Qb7 33. Qc6 Qe7 34. Re5 Nb6 35. Qf3 Kg7 36. b3 Nc8 37. Nc5 Qd6 38. Nd7 Nxd7 39. Qf7+ Kh6 40. Qf4+ Kg7 41. Qf7+ Kh6 42. exd7 Qd1+ 43. Kg2 Qg4+ 44. Kf1 Qd1+ 45. Re1 Qd3+ 46. Re2 Qd1+ 47. Kf2 Qd4+ 48. Kg2 Qg4+ 49. Kh1 Qxe2 50. dxc8Q Qe1+ 51. Kg2 Qd2+ 52. Qf2 Qd5+ 53. Kg3 Qd3+ 54. Qf3 Qd6+ 55. Qf4+ 1-0

[Event "Krakow op-B 27th"]
[Site "Krakow"]
[Date "2016.12.27"]
[Round "1"]
[White "Niedbal, Piotr"]
[Black "Parol, Pawel"]
[Result "1/2-1/2"]
[WhiteElo "1898"]
[BlackElo "2085"]
[PlyCount "136"]
[EventDate "2016.12.27"]
[EventType "swiss"]
[EventRounds "9"]
[EventCountry "POL"]
[SourceTitle "CBM 176 Extra"]
[Source "ChessBase"]
[SourceDate "2017.03.02"]
[SourceVersion "1"]
[SourceVersionDate "2017.03.02"]
[SourceQuality "1"]

1. e4 e6 2. d4 d5 3. Nd2 Nf6 4. e5 Nfd7 5. Bd3 c5 6. c3 Nc6 7. Ne2 cxd4 8. cxd4 f6 9. exf6 Nxf6 10. Nf3 Bd6 11. 0-0 Qc7 12. Bg5 0-0 13. Rc1 Bd7 14. Qc2 Be8 15. a3 h6 16. Bh4 Bh5 17. Bg3 Bxf3 18. gxf3 Nh5 19. Bb5 Rac8 20. Qg6 Nf6 21. Kh1 Bxg3 22. fxg3 Qb6 23. Bxc6 bxc6 24. Nf4 Rfe8 25. Rfe1 Qxb2 26. Rb1 Qxa3 27. Rb7 Re7 28. Rxe7 Qxe7 29. Rxe6 Qf7 30. Qf5 Nd7 31. Qg4 Rb8 32. Rxc6 Rb1+ 33. Kg2 Rb2+ 34. Kh3 Nf6 35. Rc8+ Kh7 36. Qf5+ g6 37. Nxg6 Kg7 38. Ne5 Qh5+ 39. Qxh5 Nxh5 40. Rc7+ Kf6 41. Rxa7 Rd2 42. g4 Nf4+ 43. Kg3 Ne2+ 44. Kf2 Nxd4+ 45. Ke3 Rd1 46. Ra6+ Kg7 47. Rg6+ Kh7 48. Rd6 Kg7 49. h4 Nb5 50. Rg6+ Kh7 51. Rb6 Nc3 52. Rb7+ Kg8 53. Kf4 Rb1 54. Rxb1 Nxb1 55. Nc6 Kf7 56. Ke5 Nd2 57. Nd4 Kg6 58. Kxd5 Kf6 59. f4 Nf1 60. Ke4 Nh2 61. g5+ hxg5 62. hxg5+ Kg6 63. Nf3 Nf1 64. Ne5+ Kh5 65. Kf5 Ng3+ 66. Kf6 Ne4+ 67. Kf7 Nxg5+ 68. fxg5 Kxg5 1/2-1/2

[Event "POL-chT 2nd League"]
[Site "Jastrzebia Gora"]
[Date "2015.09.13"]
[Round "9.81"]
[White "Parol, Pawel"]
[Black "Szczesniak, Konrad"]
[Result "1-0"]
[WhiteElo "2039"]
[BlackElo "2156"]
[PlyCount "101"]
[EventDate "2015.09.05"]
[EventType "team-swiss"]
[EventRounds "9"]
[EventCountry "POL"]
[SourceTitle "EXT 2017"]
[Source "ChessBase"]
[SourceDate "2016.10.25"]
[SourceVersion "1"]
[SourceVersionDate "2016.10.25"]
[SourceQuality "1"]
[WhiteTeam "Minsk Mazowiecki MTSz"]
[BlackTeam "Prudnik LKS Zarzewie"]
[WhiteTeamCountry "POL"]
[BlackTeamCountry "POL"]

1. Nf3 Nf6 2. d4 g6 3. c4 Bg7 4. Nc3 d6 5. e4 0-0 6. Be2 e5 7. 0-0 Nc6 8. d5 Ne7 9. b4 Nh5 10. Be3 Nf4 11. Rc1 h6 12. c5 Bd7 13. cxd6 cxd6 14. Nb5 Bxb5 15. Bxb5 f5 16. Bxf4 fxe4 17. Bxe5 exf3 18. Bxg7 fxg2 19. Bxf8 gxf1Q+ 20. Kxf1 Kxf8 21. Qd4 Kf7 22. Qe4 a5 23. Qe6+ Kg7 24. Re1 Ng8 25. Be8 Qf6 26. Qd7+ Kh8 27. Qxb7 Qf4 28. Qxa8 Qc4+ 29. Re2 Qc1+ 30. Kg2 Qg5+ 31. Kf3 Qf6+ 32. Ke4 axb4 33. Bb5 Qe5+ 34. Kf3 Qf5+ 35. Kg2 Qg4+ 36. Kf1 Qh3+ 37. Ke1 Qc3+ 38. Rd2 Qa1+ 39. Rd1 Qc3+ 40. Kf1 Qh3+ 41. Ke2 Qg4+ 42. Kd2 Qd4+ 43. Bd3 Qb2+ 44. Ke1 Qe5+ 45. Be2 Qxh2 46. Qe8 Kg7 47. Qd7+ Kh8 48. Qe6 Kg7 49. Rc1 Qg1+ 50. Bf1 h5 51. Rc7+ 1-0

[Event "POL-chT 2nd League"]
[Site "Jastrzebia Gora"]
[Date "2015.09.11"]
[Round "7.87"]
[White "Widla, Piotr"]
[Black "Parol, Pawel"]
[Result "0-1"]
[WhiteElo "2009"]
[BlackElo "2039"]
[PlyCount "74"]
[EventDate "2015.09.05"]
[EventType "team-swiss"]
[EventRounds "9"]
[EventCountry "POL"]
[SourceTitle "EXT 2017"]
[Source "ChessBase"]
[SourceDate "2016.10.25"]
[SourceVersion "1"]
[SourceVersionDate "2016.10.25"]
[SourceQuality "1"]
[WhiteTeam "Nowy Sacz Sandecja"]
[BlackTeam "Minsk Mazowiecki MTSz"]
[WhiteTeamCountry "POL"]
[BlackTeamCountry "POL"]

1. e4 e6 2. d4 d5 3. Nc3 Nf6 4. Bg5 Be7 5. e5 Nfd7 6. h4 a6 7. Bxe7 Qxe7 8. Qg4 f5 9. Qf4 c5 10. dxc5 Nxc5 11. g4 0-0 12. 0-0-0 Nc6 13. Nf3 Ne4 14. Rh2 Bd7 15. Bd3 Nb4 16. gxf5 Rxf5 17. Qg4 Nxc3 18. bxc3 Nxd3+ 19. Rxd3 Raf8 20. Rg2 Be8 21. Qg3 Bg6 22. Re3 Rxf3 23. Rxf3 Rxf3 24. Qxf3 Be4 25. Qg3 Bxg2 26. Qxg2 Qxh4 27. c4 Qf4+ 28. Kb1 Qxe5 29. cxd5 Qxd5 30. Qg3 h6 31. Qb8+ Kh7 32. f4 h5 33. Qc7 h4 34. Qe7 Qd1+ 35. Kb2 Qd4+ 36. Kb1 Qxf4 37. Qxe6 Qf1+ 0-1